La reforma de la administración pública en America Latina (Registro nro. 2523)

Detalles MARC
000 -LEADER
fixed length control field 01976 a2200205 4500
001 - CONTROL NUMBER
control field 34970
005 - DATE AND TIME OF LATEST TRANSACTION
control field 20260407155635.0
008 - FIXED-LENGTH DATA ELEMENTS--GENERAL INFORMATION
fixed length control field 260407a1984 arg spa d
003 - CONTROL NUMBER IDENTIFIER
control field AR-UNSa-BCEJYS
040 ## - CATALOGING SOURCE
Original cataloging agency AR-UNSa-BCEJYS
Language of cataloging spa
Transcribing agency AR-UNSa-BCEJYS
080 ## - UNIVERSAL DECIMAL CLASSIFICATION NUMBER
Universal Decimal Classification number 35
Common auxiliary subdivision Administración Pública
041 ## - LANGUAGE CODE
Language code of text/sound track or separate title spa
100 1# - MAIN ENTRY--PERSONAL NAME
Personal name Kliksberg, Bernardo
245 10 - TITLE STATEMENT
Title La reforma de la administración pública en America Latina
Name of part/section of a work elementos para una evaluación
264 #1 - PRODUCTION, PUBLICATION, DISTRIBUTION, MANUFACTURE, AND COPYRIGHT NOTICE
Place of production, publication, distribution, manufacture Madrid :
Name of producer, publisher, distributor, manufacturer Instituto Nacional de Administración Pública (INAP)
Date of production, publication, distribution, manufacture, or copyright notice 1984
300 ## - PHYSICAL DESCRIPTION
Extent 326 p.
Dimensions 19 cm.
505 ## - FORMATTED CONTENTS NOTE
Formatted contents note Parte I: Análisis globales: 1. La reforma administrativa en América Latina. Una revisión del marco conceptual / Bernardo Kliksberg – 2. El papel de la reforma administrativa en la estrategia del desarrollo / Gonzalo Martner -3. Administración Púbica: Bases sustantivas para su reforma e investigación / Paulo Motta – Parte II: Problemas claves: 4. Administración Pública versus Administración Privada. Aspectos de eficiencia / Humberto Gallego G. – 5. Reflexiones sobre problemas estratégicos en el adiestramiento y la formación de recursos humanos para la gestión pública en América Latina / Bernardo Kliksberg – 6. Reflexiones sobre la producción de tecnología administrativa para el sector público en los países en desarrollo / Yehezkel Dror – 7. La cooperación técnica de las Naciones Unidas en reforma administrativa e investigación en Administración Pública en América Latina / Ignacio Pérez Salgado – 8. Formación histórica del Estado en América Latina: elementos teórico-metodológicos para su estudio / Oscar Oszlak – Parte III: Evaluación de experiencias nacionales: 9. Reflexiones sobre la estrategia de la reforma administrativa: la experiencia brasilera / Kleber Nascimiento – 10. Algunas consideraciones sobre la reforma administrativa en Venezuela / Luis Rodríguez Mena -
590 ## - LOCAL NOTE (RLIN)
Local note niveau_biblio:m niveau_hierar:0
942 ## - ADDED ENTRY ELEMENTS (KOHA)
Koha item type
Existencias
Withdrawn status Lost status Damaged status Not for loan Home library Current library Shelving location Date acquired Total checkouts Full call number Barcode Date last seen Price effective from Koha item type
        Biblioteca Prof. Eusebio Cleto del Rey Biblioteca Prof. Eusebio Cleto del Rey   07/04/2026   35 K65 L58185 07/04/2026 07/04/2026 Libro
        Biblioteca Prof. Eusebio Cleto del Rey Biblioteca Prof. Eusebio Cleto del Rey   07/04/2026   35 K65 L45545 07/04/2026 07/04/2026 Libro